000
00311nam a2200145Ia 4500
100
_a
Shapiro/Mo/ Straw/Alison
942
_c
BK
654
_a
interview
245
_a
Tackling interview question in a week
260
_b
e
_c
1999
082
_a
658.3112
_b
SHA
300
_a
96
546
_a
ENGLISH
999
_c
32766
_d
32766